000 00505cam a2200169 4500500
005 20260405002916.0
041 _afre
042 _adc
100 1 0 _aPortevin, Catherine
_eauthor
245 0 0 _aL’Europe fantôme
260 _c2019.
500 _a96
690 _aEurope
690 _aRégis Debray
786 0 _nPhilosophie magazine | 129 | 5 | 2019-05-01 | p. 62-62 | 1951-1787
856 4 1 _uhttps://shs.cairn.info/magazine-philosophie-magazine-2019-5-page-62?lang=fr&redirect-ssocas=7080
999 _c2062377
_d2062377